Missing Word: Orson Welles Quiz Stats

 Plays Quiz Updated Mar 19, 2013

Support Sporcle.
Go Orange.
Score 0/16 Timer 03:00
0 Plays Today
Film Missing Word % Correct
_____ and GoliathDavid
91.9%
_____ KaneCitizen
91.1%
Treasure _____Island
89.8%
Casino _____Royale
89.5%
Catch-_____22
83.1%
Jane _____Eyre
75.1%
I'll _____ Forget What's'isnameNever
74%
_____ DickMoby
60.2%
Film Missing Word % Correct
Voyage of the _____Damned
33.9%
The _____ from ShanghaiLady
15.4%
The _____ RoseBlack
15%
The Kremlin _____Letter
8.2%
The _____ of AusterlitzBattle
7.7%
Get to Know Your _____Rabbit
3.8%
_____ the KingOedipus
3.5%
The Legend of _____ HouseDoom
1.8%

Today's Daily Dose

Word Ladder
ING Words

Get the Picture
Nearest Volcano

From the Vault

Bone Collector

by LTH

Science 5m
How many bones is it okay to collect before it gets creepy?
Remove Ads.
Support Sporcle.
Get the best of Sporcle when you Go Orange. This ad-free experience offers more features, more stats, and more fun while also helping to support Sporcle. Thank you for becoming a member.

Show Comments

Extras

Top Quizzes Today


Score Distribution

Your Account Isn't Verified!

In order to create a playlist on Sporcle, you need to verify the email address you used during registration. Go to your Sporcle Settings to finish the process.

Report this User

Report this user for behavior that violates our Community Guidelines.

Details: